<?xml version="1.0" encoding="UTF-8"?>
<marc:record xmlns:marc="http://www.loc.gov/MARC21/slim">
   <marc:leader>00000nam a2200000 a 4500</marc:leader>
   <marc:datafield ind1="1" ind2=" " tag="100">
      <marc:subfield code="a">Hosseini, Khaled</marc:subfield>
      <marc:subfield code="4">aut</marc:subfield>
      <marc:subfield code="e">Verfasser/-in</marc:subfield>
   </marc:datafield>
   <marc:datafield ind1="0" ind2="0" tag="245">
      <marc:subfield code="a">Drachenläufer</marc:subfield>
   </marc:datafield>
   <marc:datafield ind1="0" ind2="0" tag="245">
      <marc:subfield code="b">Roman</marc:subfield>
   </marc:datafield>
   <marc:datafield ind1="0" ind2="0" tag="245">
      <marc:subfield code="c">Khaled Hosseini</marc:subfield>
   </marc:datafield>
   <marc:datafield ind1=" " ind2="1" tag="264">
      <marc:subfield code="a">Berlin</marc:subfield>
      <marc:subfield code="b">Berliner TB Verlag</marc:subfield>
      <marc:subfield code="c">2007</marc:subfield>
   </marc:datafield>
   <marc:datafield ind1=" " ind2=" " tag="250">
      <marc:subfield code="a">25.Aufl.</marc:subfield>
   </marc:datafield>
   <marc:datafield ind1="1" ind2=" " tag="520">
      <marc:subfield code="a">Amir, Sohn eines wohlhabenden Paschtunen, verbindet eine enge Freundschaft mit Hassan, dem Sohn des Hausdieners. Die Jungen verbringen ihre Kindheit wie Brüder, und zu ihren Lieblingsbeschäftigungen gehört es, Drachen steigen zu lassen. Doch eines Tages begeht Amir auf furchtbare Weise Verrat an Hassan, ihre Freundschaft zerbricht. Jahrzehnte später sieht Amir dann die Gelegenheit, seinen schlimmen Fehler wiedergutzumachen. Doch gleichzeitig zweifelt er daran, die große Schuld, die er als Kind auf sich geladen hat, so viele Jahre später sühnen zu können.</marc:subfield>
   </marc:datafield>
   <marc:datafield ind1=" " ind2=" " tag="020">
      <marc:subfield code="a">9783833301490</marc:subfield>
      <marc:subfield code="9">9783833301490</marc:subfield>
   </marc:datafield>
   <marc:datafield ind1=" " ind2=" " tag="020">
      <marc:subfield code="a">383330149X</marc:subfield>
      <marc:subfield code="9">383330149X</marc:subfield>
   </marc:datafield>
   <marc:datafield ind1=" " ind2=" " tag="500">
      <marc:subfield code="a">A.d.Amerikan.</marc:subfield>
   </marc:datafield>
   <marc:datafield ind1=" " ind2=" " tag="300">
      <marc:subfield code="a">385 S.</marc:subfield>
   </marc:datafield>
</marc:record>
